| 000 | 00375cam a22001217a 4500 | ||
|---|---|---|---|
| 008 | 180718b1991 xxu||||| |||| 00| 0 eng d | ||
| 082 | _aB5x4 In8 | ||
| 100 | _aRice, Eric | ||
| 245 |
_aManaging the transition: Enhancing the efficiency of Eastern European governments _cby Eric Rice |
||
| 260 |
_aWashington, D.C. _bIBRD _c1991 |
||
| 300 | _a45p. | ||
| 650 | _aEurope - Government | ||
| 999 |
_c225417 _d225417 |
||